| 000 | 00465nam a22001697a 4500 | ||
|---|---|---|---|
| 003 | NUST-PNEC | ||
| 005 | 20170116181131.0 | ||
| 008 | 140717b xxu||||| |||| 00| 0 eng d | ||
| 040 | _cLIBRARY | ||
| 082 | _a954.8 SYE | ||
| 100 |
_913982 _aJaffari, Syed Hussain Muhammad |
||
| 245 |
_aPakistani mashra aur adab _cJaffari, Syed Hussain Muhammad |
||
| 260 |
_aRawalpindi _bArmy Education Press |
||
| 300 |
_a104p.: _c21 cm. |
||
| 650 | _xGeneral | ||
| 942 |
_2ddc _cBK |
||
| 999 |
_c69979 _d69979 |
||